<?xml version="1.0" encoding="UTF-8"?>
<marc:record xmlns:marc="http://www.loc.gov/MARC21/slim">
   <marc:leader>00000nam a2200000 a 4500</marc:leader>
   <marc:datafield ind1="1" ind2=" " tag="100">
      <marc:subfield code="a">Schacht, Andrea</marc:subfield>
      <marc:subfield code="4">aut</marc:subfield>
      <marc:subfield code="e">Verfasser/-in</marc:subfield>
   </marc:datafield>
   <marc:datafield ind1="0" ind2="0" tag="245">
      <marc:subfield code="a">Die elfte Jungfrau</marc:subfield>
   </marc:datafield>
   <marc:datafield ind1="0" ind2="0" tag="245">
      <marc:subfield code="b">Roman</marc:subfield>
   </marc:datafield>
   <marc:datafield ind1="0" ind2="0" tag="245">
      <marc:subfield code="c">Andrea Schacht</marc:subfield>
   </marc:datafield>
   <marc:datafield ind1=" " ind2="1" tag="264">
      <marc:subfield code="a">München</marc:subfield>
      <marc:subfield code="b">Blanvalet</marc:subfield>
      <marc:subfield code="c">2021</marc:subfield>
   </marc:datafield>
   <marc:datafield ind1="1" ind2=" " tag="490">
      <marc:subfield code="a">Begine Almut Bossart</marc:subfield>
   </marc:datafield>
   <marc:datafield ind1="1" ind2=" " tag="520">
      <marc:subfield code="a">Angaben aus der Verlagsmeldung

Die elfte Jungfrau : Roman / von Andrea Schacht

Eine grausame Mordserie im mittelalterlichen Köln – Begine Almut Bossart beginnt zu ermitteln und stößt auf ein düsteres Geheimnis ...

Köln, zur Karnevalszeit des Jahres 1377. Vor Beginn der Fastenzeit herrscht ausgelassene Stimmung in der Stadt. Doch die junge Begine Almut Bossart ist beunruhigt: In den letzten Monaten häufen sich Unfälle, bei denen junge Frauen zu Tode kommen. Dann verschwindet eine der Schülerinnen aus dem Beginen-Konvent – ihre Leiche wird kurz darauf mit gebrochenem Genick aufgefunden. Almut und Pater Ivo bringen eine erschreckende Mordserie ans Tageslicht, der bereits zehn Jungfrauen zum Opfer gefallen sind! Und inmitten des Narrentreibens stoßen sie auf einen schwunghaften Reliquienhandel mit geschnitzten Büsten der heiligen Ursula und ihrer elf Jungfrauen …

Die historischen Romane um die Begine Almut Bossart bei Blanvalet:

1. Der dunkle Spiegel

2. Das Werk der Teufelin

3. Die Sünde aber gebiert den Tod

4. Die elfte Jungfrau

5. Das brennende Gewand
Alle Bände sind einzelstehend lesbar.

</marc:subfield>
   </marc:datafield>
   <marc:datafield ind1=" " ind2=" " tag="020">
      <marc:subfield code="a">9783734109904</marc:subfield>
      <marc:subfield code="9">9783734109904</marc:subfield>
   </marc:datafield>
   <marc:datafield ind1=" " ind2=" " tag="020">
      <marc:subfield code="a">3734109906</marc:subfield>
      <marc:subfield code="9">3734109906</marc:subfield>
   </marc:datafield>
   <marc:datafield ind1=" " ind2=" " tag="041">
      <marc:subfield code="a">ger</marc:subfield>
   </marc:datafield>
   <marc:datafield ind1=" " ind2=" " tag="300">
      <marc:subfield code="a">560 Seiten</marc:subfield>
   </marc:datafield>
</marc:record>
